02724cam a2200289 i 4500003000900000005001700009008004100026020001800067040007200085050002300157082001200180245014100192264004900333300003200382336002100414337002300435338003200458490004200490504006600532505159800598650005002196700002002246700001902266700002802285830006102313856006002374EG-GICUC20260310091510.0100526s2010 enk frb 001 0 eng d a9781841139128 aUKMcUKMdBWKUKdBWKdYDXCPdBWXdCDXdSTFdDLCdEG-GICUCbengerda00aKZ6010b.I576 201000a34122100a International law and dispute settlement :bnew problems and techniques /cedited by Duncan French, Matthew Saul and Nigel D. White. aOxford ;aPortland, Or. :bHart Pub.,c2010. axxviii, 415 pages ;c24 cm. atext2rdacontent aComputer2rdamedia aOnline Resource2rdacarrier1 aStudies in international law ;vv. 28 aIncludes bibliographical references (p. [389]-393) and index.00aPrivate disputes and the public interest in international law / Vaughan Lowe -- The International Court of Justice and environmental disputes / Malgosia Fitzmaurice -- Complaint and grievance mechanisms in international dispute settlement / Duncan French and Richard Kirkham -- Stuck in the middle with you? Alternative approaches to realising accountability for human rights violations by business / Sorcha Macleod -- Practice and procedure of dispute settlement in individual communication cases within the Human Rights Committee and the Committee on the Elimination of Discrimination against Women : congruence or conflict? / Sandy Ghandhi -- Trends in dispute settlement in the law of the sea : towards the increasing availability of compulsory means / Robin Churchill -- The WTO dispute settlement mechanism as a new technique for settling disputes in international law / Surya P. Subedi -- Legal means of dispute settlement in the field of collective security : the quasi-judicial powers of the Security Council / Nigel D. White and Matthew Saul -- Non-compliance procedures and dispute resolution mechanisms under international environmental agreements / Karen N. Scott -- The Antarctic Treaty after 50 years / James Crawford -- Cross-border family mediation / Kisch Beevers -- Aspects of the African Court of Justice and human rights / Gino J. Naldi -- The EU, the ECHR and the effective protection of human rights for individuals / Tawhida Ahmed -- The European Court of Justice as a constitutional court : implications for the EU and international legal orders / Paul James Cardwell. 0aPacific settlement of international disputes.1 aFrench, Duncan.1 aSaul, Matthew.1 aWhite, Nigel D.,d1961- 0aStudies in international law (Oxford, England) ;vv. 28.40uhttps://fll.law.cu.edu.eg/fulltext/bks/ENGB12-00080.pdf